|
|
|
|
| LEADER |
00000nam2a2200000 4500 |
| 001 |
63601 |
| 005 |
20231101212056.0 |
| 010 |
|
|
|a 5982980994
|
| 035 |
|
|
|a (RuTPU)RU\TPU\book\67496
|
| 090 |
|
|
|a 63601
|
| 100 |
|
|
|a 20040518d2004 k y0rusy50 ca
|
| 101 |
0 |
|
|a rus
|a eng
|
| 102 |
|
|
|a RU
|
| 105 |
|
|
|a aс gi 000zy
|
| 200 |
0 |
|
|a Вып. 9, 2004
|
| 210 |
|
|
|d 2004
|
| 215 |
|
|
|a 160 с.
|c ил.
|
| 461 |
|
1 |
|0 (RuTPU)RU\TPU\book\49866
|t Ежегодник ТПУ
|l TPU Year-Book
|o информационное издание о состоянии и деятельности Томского политехнического университета
|f Томский политехнический университет
|v Вып. 9, 2004
|d 1996-
|
| 606 |
1 |
|
|a Техника
|x История
|2 stltpush
|3 (RuTPU)RU\TPU\subj\68282
|9 83710
|
| 607 |
|
|
|a Сибирь
|
| 607 |
|
|
|a Томск
|
| 610 |
1 |
|
|a политехнические университеты
|
| 610 |
1 |
|
|a Томский политехнический университет
|
| 610 |
1 |
|
|a структура
|
| 610 |
1 |
|
|a факультеты
|
| 610 |
1 |
|
|a наука
|
| 610 |
1 |
|
|a международное сотрудничество
|
| 610 |
1 |
|
|a подразделения
|
| 610 |
1 |
|
|a культура
|
| 610 |
1 |
|
|a события
|
| 610 |
1 |
|
|a Коллекция История ТПУ
|
| 675 |
|
|
|a 62(09)
|v 3
|
| 801 |
|
1 |
|a RU
|b 63413507
|c 20040518
|g PSBO
|
| 801 |
|
2 |
|a RU
|b 63413507
|c 20210129
|g PSBO
|
| 942 |
|
|
|c BK
|